00391nam a2200157Ia 45000010006000000050017000060080041000230410008000640820015000721000046000872450043001332600009001763000032001856500008002176540008002252224220260414150818.0260414t2012||||xx |||||||||||||| ||spa|| aESP a621.3bC28 aCarrasco Hernández, Miguel ÁngeleAUT 0aInstalaciones eléctricas básicasb c2012 axv, 232 páginas :c27 cm. aTCA aCET